[Event "DEM U12w 2021"]
[Site "Willingen GER"]
[Date "2021.08.23"]
[Round "1"]
[White "Pröttel, Ela"]
[Black "Niederdorfer, Mathilda"]
[Result "1-0"]
[Termination "normal"]
[Board "5"]
[WhiteElo "1182"]
[BlackElo "1264"]
[WhiteClock "00:27:23"]
[BlackClock "01:13:16"]
[PlyCount "111"]
[WhiteFideId "44582749"]
[BlackFideId "16275845"]
[EventCountry "GER"]
[EventRounds "9"]
[EventType "swiss"]
[EventDate "2021.08.22"]

1. e4 {[%clk 1:30:51]} c5 {[%clk 1:30:56]} 2. Nf3 {[%clk 1:30:59]} Nc6 {[%clk
1:31:15]} 3. Bb5 {[%clk 1:31:14]} g6 {[%clk 1:31:27]} 4. O-O {[%clk 1:31:19]}
Bg7 {[%clk 1:31:44]} 5. c3 {[%clk 1:30:42]} e5 {[%clk 1:31:17]} 6. Re1 {[%clk
1:15:04]} Nge7 {[%clk 1:29:34]} 7. d3 {[%clk 1:04:58]} O-O {[%clk 1:27:43]} 8.
Be3 {[%clk 0:40:15]} d6 {[%clk 1:22:19]} 9. Nbd2 {[%clk 0:12:10]} f5 {[%clk
1:14:24]} 10. Bg5 {[%clk 0:00:50]} h6 {[%clk 1:11:14]} 11. Bxe7 {[%clk
0:00:45]} Nxe7 {[%clk 1:11:34]} 12. Qb3+ {[%clk 0:00:38]} Kh7 {[%clk 1:10:35]}
13. Qc2 {[%clk 0:00:49]} f4 {[%clk 1:07:00]} 14. Kh1 {[%clk 0:00:41]} a6 {[%clk
1:04:46]} 15. Bc4 {[%clk 0:00:43]} b5 {[%clk 1:04:46]} 16. Bb3 {[%clk 0:01:02]}
Bb7 {[%clk 1:04:38]} 17. a4 {[%clk 0:00:44]} Nc6 {[%clk 0:57:41]} 18. axb5
{[%clk 0:00:57]} axb5 {[%clk 0:58:02]} 19. Bd5 {[%clk 0:00:54]} Qd7 {[%clk
0:52:51]} 20. Rec1 {[%clk 0:00:44]} b4 {[%clk 0:52:05]} 21. c4 {[%clk 0:00:41]}
Nd4 {[%clk 0:50:16]} 22. Nxd4 exd4 {[%clk 0:50:35]} 23. Bxb7 {[%clk 0:01:07]}
Qxb7 {[%clk 0:50:56]} 24. Qd1 {[%clk 0:00:39]} Qe7 {[%clk 0:48:07]} 25. Rxa8
{[%clk 0:00:42]} Rxa8 {[%clk 0:48:26]} 26. Ra1 {[%clk 0:01:06]} Rxa1 {[%clk
0:48:48]} 27. Qxa1 {[%clk 0:01:31]} Qh4 {[%clk 0:47:07]} 28. Kg1 {[%clk
0:01:51]} Qg4 {[%clk 0:46:56]} 29. Nf3 {[%clk 0:01:31]} g5 {[%clk 0:46:43]} 30.
Qa6 {[%clk 0:00:40]} Be5 {[%clk 0:46:29]} 31. Qb7+ {[%clk 0:00:41]} Kh8 {[%clk
0:46:35]} 32. h3 {[%clk 0:00:41]} Qh5 {[%clk 0:46:25]} 33. Qc8+ {[%clk
0:00:56]} Kg7 {[%clk 0:46:32]} 34. b3 {[%clk 0:00:39]} Qf7 {[%clk 0:45:50]} 35.
Qc6 {[%clk 0:00:40]} Qa7 {[%clk 0:44:58]} 36. Qa4 {[%clk 0:00:44]} Qxa4 {[%clk
0:45:11]} 37. bxa4 {[%clk 0:01:08]} b3 {[%clk 0:45:38]} 38. Nd2 {[%clk
0:01:29]} b2 {[%clk 0:45:47]} 39. Kf1 {[%clk 0:01:38]} Kg6 {[%clk 0:45:43]} 40.
a5 {[%clk 0:01:16]} d5 {[%clk 0:45:16]} 41. exd5 {[%clk 0:01:03]} Bc7 {[%clk
0:45:37]} 42. a6 {[%clk 0:01:14]} Bb6 {[%clk 0:45:54]} 43. Ke1 {[%clk 0:29:35]}
Kf7 {[%clk 1:13:43]} 44. Kd1 {[%clk 0:29:42]} Ke7 {[%clk 1:14:01]} 45. Kc2
{[%clk 0:29:54]} Kd7 {[%clk 1:14:15]} 46. Kxb2 {[%clk 0:29:31]} Kc7 {[%clk
1:14:36]} 47. Ka3 {[%clk 0:29:52]} Kb8 {[%clk 1:14:49]} 48. Ka4 {[%clk
0:30:08]} Ka7 {[%clk 1:15:06]} 49. Kb5 {[%clk 0:30:26]} h5 {[%clk 1:15:14]} 50.
Ne4 {[%clk 0:30:22]} g4 {[%clk 1:14:02]} 51. hxg4 {[%clk 0:30:42]} hxg4 {[%clk
1:14:25]} 52. Nxc5 {[%clk 0:30:10]} f3 {[%clk 1:13:39]} 53. g3 {[%clk 0:30:09]}
Bc7 {[%clk 1:13:59]} 54. Ne4 {[%clk 0:29:33]} Ka8 {[%clk 1:13:07]} 55. d6
{[%clk 0:29:21]} Bd8 {[%clk 1:13:16]} 56. c5 {[%clk 0:27:23]} 1-0

[Event "DEM U12w 2021"]
[Site "Willingen GER"]
[Date "2021.08.23"]
[Round "1"]
[White "Schube, Theresa"]
[Black "Bangiev, Katharina"]
[Result "1-0"]
[Termination "normal"]
[Board "6"]
[WhiteElo "1262"]
[BlackElo "1477"]
[WhiteClock "01:30:45"]
[BlackClock "01:30:11"]
[PlyCount "89"]
[WhiteFideId "34608800"]
[BlackFideId "16267230"]
[EventCountry "GER"]
[EventRounds "9"]
[EventType "swiss"]
[EventDate "2021.08.22"]

1. e4 c5 2. Nf3 {[%clk 1:30:45]} Nc6 {[%clk 1:30:11]} 3. Bb5 {[%clk 1:30:45]}
g6 {[%clk 1:30:11]} 4. Bxc6 {[%clk 1:30:45]} dxc6 {[%clk 1:30:11]} 5. c4 {[%clk
1:30:45]} Bg7 {[%clk 1:30:11]} 6. h3 {[%clk 1:30:45]} e5 {[%clk 1:30:11]} 7.
Qc2 {[%clk 1:30:45]} Ne7 {[%clk 1:30:11]} 8. d3 {[%clk 1:30:45]} f5 {[%clk
1:30:11]} 9. b3 {[%clk 1:30:45]} Qa5+ {[%clk 1:30:11]} 10. Bd2 {[%clk 1:30:45]}
Qc7 {[%clk 1:30:11]} 11. Bc3 {[%clk 1:30:45]} b5 {[%clk 1:30:11]} 12. Qb2
{[%clk 1:30:45]} bxc4 {[%clk 1:30:11]} 13. dxc4 {[%clk 1:30:45]} fxe4 {[%clk
1:30:11]} 14. Nxe5 {[%clk 1:30:45]} O-O {[%clk 1:30:11]} 15. Nd2 {[%clk
1:30:45]} Rf5 {[%clk 1:30:11]} 16. Ng4 {[%clk 1:30:45]} Bxc3 {[%clk 1:30:11]}
17. Qxc3 {[%clk 1:30:45]} Be6 {[%clk 1:30:11]} 18. Nh6+ {[%clk 1:30:45]} Kf8
{[%clk 1:30:11]} 19. Nxf5 {[%clk 1:30:45]} gxf5 {[%clk 1:30:11]} 20. g4 {[%clk
1:30:45]} Ng6 {[%clk 1:30:11]} 21. gxf5 {[%clk 1:30:45]} Bxf5 {[%clk 1:30:11]}
22. Qf6+ {[%clk 1:30:45]} Qf7 {[%clk 1:30:11]} 23. Qxf7+ {[%clk 1:30:45]} Kxf7
{[%clk 1:30:11]} 24. O-O-O {[%clk 1:30:45]} Ne5 {[%clk 1:30:11]} 25. Nf1 {[%clk
1:30:45]} Nd3+ {[%clk 1:30:11]} 26. Kc2 {[%clk 1:30:45]} Nxf2 {[%clk 1:30:11]}
27. Ne3 {[%clk 1:30:45]} Nxh1 {[%clk 1:30:11]} 28. Nxf5 {[%clk 1:30:45]} Nf2
{[%clk 1:30:11]} 29. Nh6+ {[%clk 1:30:45]} Kg7 {[%clk 1:30:11]} 30. Rd6 {[%clk
1:30:45]} Rc8 {[%clk 1:30:11]} 31. Nf5+ {[%clk 1:30:45]} Kf7 {[%clk 1:30:11]}
32. Rd2 {[%clk 1:30:45]} Nd3 {[%clk 1:30:11]} 33. Nd6+ {[%clk 1:30:45]} Ke7
{[%clk 1:30:11]} 34. Nxc8+ {[%clk 1:30:45]} Kd7 {[%clk 1:30:11]} 35. Nxa7
{[%clk 1:30:45]} Kc7 {[%clk 1:30:11]} 36. Rxd3 {[%clk 1:30:45]} exd3+ {[%clk
1:30:11]} 37. Kxd3 {[%clk 1:30:45]} Kb7 {[%clk 1:30:11]} 38. Nc8 {[%clk
1:30:45]} Kxc8 {[%clk 1:30:11]} 39. Ke4 {[%clk 1:30:45]} Kc7 {[%clk 1:30:11]}
40. Kf5 {[%clk 1:30:45]} Kb6 {[%clk 1:30:11]} 41. Ke6 {[%clk 1:30:45]} Ka5
{[%clk 1:30:11]} 42. Kd7 {[%clk 1:30:45]} Kb6 {[%clk 1:30:11]} 43. Kc8 {[%clk
1:30:45]} h6 {[%clk 1:30:11]} 44. h4 {[%clk 1:30:45]} h5 {[%clk 1:30:11]} 45.
a3 {[%clk 1:30:45]} 1-0

[Event "DEM U12w 2021"]
[Site "Willingen GER"]
[Date "2021.08.23"]
[Round "1"]
[White "Moldovan, Tatiana"]
[Black "Kutz, Ida Klara"]
[Result "1/2-1/2"]
[Termination "normal"]
[Board "7"]
[WhiteElo "1437"]
[BlackElo "1258"]
[WhiteClock "01:14:25"]
[BlackClock "00:18:49"]
[PlyCount "133"]
[WhiteFideId "16287398"]
[BlackFideId "16296257"]
[EventCountry "GER"]
[EventRounds "9"]
[EventType "swiss"]
[EventDate "2021.08.22"]

1. e4 {[%clk 1:30:29]} c5 {[%clk 1:30:50]} 2. Nc3 {[%clk 1:30:41]} e6 {[%clk
1:31:04]} 3. Nf3 {[%clk 1:30:58]} d6 {[%clk 1:31:22]} 4. d4 {[%clk 1:31:11]}
cxd4 {[%clk 1:31:38]} 5. Nxd4 {[%clk 1:31:32]} Nf6 {[%clk 1:31:54]} 6. Be3
{[%clk 1:31:51]} Nc6 {[%clk 1:31:55]} 7. Be2 {[%clk 1:32:05]} Be7 {[%clk
1:32:09]} 8. O-O {[%clk 1:31:56]} O-O {[%clk 1:32:16]} 9. f4 {[%clk 1:32:08]}
e5 {[%clk 1:31:18]} 10. fxe5 {[%clk 1:31:20]} dxe5 {[%clk 1:31:04]} 11. Nxc6
{[%clk 1:31:39]} bxc6 {[%clk 1:31:09]} 12. Qxd8 {[%clk 1:30:32]} Rxd8 {[%clk
1:30:48]} 13. Rad1 {[%clk 1:30:44]} Bg4 {[%clk 1:29:38]} 14. Rxd8+ {[%clk
1:25:00]} Rxd8 {[%clk 1:28:40]} 15. Bxg4 {[%clk 1:24:39]} Nxg4 {[%clk 1:27:29]}
16. Bxa7 {[%clk 1:24:39]} Ra8 {[%clk 1:25:51]} 17. Bf2 {[%clk 1:23:29]} Nxf2
{[%clk 1:25:38]} 18. Kxf2 {[%clk 1:23:39]} f6 {[%clk 1:25:24]} 19. Rd1 {[%clk
1:23:14]} Bb4 {[%clk 1:24:55]} 20. Rd3 {[%clk 1:22:30]} Bxc3 {[%clk 1:23:57]}
21. Rxc3 {[%clk 1:22:52]} Rxa2 {[%clk 1:24:05]} 22. b3 {[%clk 1:23:14]} Ra6
{[%clk 1:23:43]} 23. Kf3 {[%clk 1:23:23]} Kf7 {[%clk 1:23:39]} 24. Rd3 {[%clk
1:22:30]} Ke7 {[%clk 1:20:37]} 25. g4 {[%clk 1:21:13]} h6 {[%clk 1:17:53]} 26.
h4 {[%clk 1:21:11]} g6 {[%clk 1:11:26]} 27. h5 {[%clk 1:19:57]} gxh5 {[%clk
1:04:14]} 28. gxh5 {[%clk 1:14:30]} Ke6 {[%clk 1:02:09]} 29. Rd8 {[%clk
1:13:09]} Kf7 {[%clk 0:58:53]} 30. Rc8 {[%clk 1:12:59]} Rb6 {[%clk 0:56:02]}
31. Rc7+ {[%clk 1:11:44]} Kg8 {[%clk 0:56:01]} 32. Kg4 {[%clk 1:12:01]} Rb4
{[%clk 0:48:58]} 33. Kf5 {[%clk 1:12:14]} Rb6 {[%clk 0:43:37]} 34. Kg6 {[%clk
1:12:24]} Kf8 {[%clk 0:42:34]} 35. Kxh6 {[%clk 1:12:41]} Rb4 {[%clk 0:39:41]}
36. Rxc6 {[%clk 1:12:48]} Rxe4 {[%clk 0:39:18]} 37. Rxf6+ {[%clk 1:13:05]} Ke7
{[%clk 0:38:55]} 38. Rf1 {[%clk 1:13:29]} Re2 {[%clk 0:38:46]} 39. c4 {[%clk
1:13:41]} Re3 {[%clk 0:36:47]} 40. Rb1 {[%clk 1:13:32]} e4 {[%clk 0:36:35]} 41.
Kg5 {[%clk 1:13:44]} Ke6 {[%clk 0:35:42]} 42. h6 {[%clk 1:14:03]} Rh3 {[%clk
0:35:40]} 43. Kf4 {[%clk 1:13:39]} Rxh6 {[%clk 0:34:04]} 44. Kxe4 {[%clk
1:13:57]} Rh4+ {[%clk 0:33:46]} 45. Kd3 {[%clk 1:14:15]} Kd6 {[%clk 0:32:32]}
46. Kc3 {[%clk 1:13:37]} Kc5 {[%clk 0:31:37]} 47. b4+ {[%clk 1:13:44]} Kc6
{[%clk 0:31:11]} 48. Rd1 {[%clk 1:13:52]} Rh8 {[%clk 0:29:05]} 49. b5+ {[%clk
1:11:29]} Kc5 {[%clk 0:27:33]} 50. Rd5+ {[%clk 1:11:50]} Kb6 {[%clk 0:27:23]}
51. Kb4 Rh4 {[%clk 0:26:16]} 52. Rd6+ {[%clk 1:12:23]} Kc7 {[%clk 0:25:45]} 53.
Kc5 {[%clk 1:11:27]} Rxc4+ {[%clk 0:24:28]} 54. Kxc4 {[%clk 1:10:16]} Kxd6
{[%clk 0:24:37]} 55. Kd4 {[%clk 1:10:38]} Kc7 {[%clk 0:23:25]} 56. Kc5 {[%clk
1:11:04]} Kb7 {[%clk 0:23:01]} 57. b6 {[%clk 1:11:27]} Kb8 {[%clk 0:22:26]} 58.
Kb5 {[%clk 1:11:51]} Kb7 59. Ka5 {[%clk 1:11:55]} Kb8 {[%clk 0:21:46]} 60. Ka6
Ka8 {[%clk 0:21:54]} 61. Ka5 {[%clk 1:11:56]} Kb7 62. Kb5 {[%clk 1:12:22]} Kb8
{[%clk 0:20:44]} 63. Kc6 {[%clk 1:12:32]} Kc8 {[%clk 0:20:01]} 64. Kd6 {[%clk
1:12:49]} Kb8 {[%clk 0:18:08]} 65. Kc6 {[%clk 1:13:35]} Kc8 {[%clk 0:18:30]}
66. b7+ {[%clk 1:14:00]} Kb8 {[%clk 0:18:49]} 67. Kb6 {[%clk 1:14:25]} 1/2-1/2

[Event "DEM U12w 2021"]
[Site "Willingen GER"]
[Date "2021.08.23"]
[Round "1"]
[White "Krasikova, Milana"]
[Black "Huber, Laura"]
[Result "1/2-1/2"]
[Termination "normal"]
[Board "8"]
[WhiteElo "1244"]
[BlackElo "1265"]
[WhiteClock "00:09:34"]
[BlackClock "00:07:52"]
[PlyCount "40"]
[WhiteFideId "16287347"]
[BlackFideId "16270940"]
[EventCountry "GER"]
[EventRounds "9"]
[EventType "swiss"]
[EventDate "2021.08.22"]

1. e4 {[%clk 1:30:58]} e5 {[%clk 1:30:52]} 2. Nf3 {[%clk 1:31:24]} Nc6 {[%clk
1:31:08]} 3. Nc3 {[%clk 1:31:45]} Nf6 {[%clk 1:30:02]} 4. Bb5 {[%clk 1:31:50]}
Nd4 {[%clk 1:20:43]} 5. d3 {[%clk 1:20:02]} Bb4 {[%clk 1:01:39]} 6. Ba4 {[%clk
1:01:58]} b5 {[%clk 0:43:34]} 7. Bb3 {[%clk 0:59:21]} Nxb3 {[%clk 0:43:02]} 8.
axb3 {[%clk 0:59:28]} d6 {[%clk 0:36:56]} 9. O-O {[%clk 0:55:06]} c6 {[%clk
0:33:44]} 10. Be3 {[%clk 0:48:25]} Bxc3 {[%clk 0:32:13]} 11. bxc3 {[%clk
0:48:20]} a5 {[%clk 0:26:49]} 12. Qe2 {[%clk 0:35:14]} Bg4 {[%clk 0:18:43]} 13.
c4 {[%clk 0:30:45]} bxc4 {[%clk 0:16:10]} 14. bxc4 {[%clk 0:29:54]} a4 {[%clk
0:14:03]} 15. Rfb1 {[%clk 0:23:07]} c5 {[%clk 0:12:23]} 16. c3 {[%clk 0:19:20]}
Qa5 {[%clk 0:11:42]} 17. Bd2 {[%clk 0:17:43]} Qa7 {[%clk 0:10:32]} 18. h3
{[%clk 0:16:28]} Be6 {[%clk 0:09:06]} 19. Qd1 {[%clk 0:11:43]} O-O {[%clk
0:08:37]} 20. Be3 {[%clk 0:09:34]} Qa5 {[%clk 0:07:52]} 1/2-1/2

[Event "DEM U12w 2021"]
[Site "Willingen GER"]
[Date "2021.08.23"]
[Round "1"]
[White "Haug, Mara"]
[Black "Terekhin, Maria"]
[Result "1-0"]
[Termination "normal"]
[Board "9"]
[WhiteElo "1366"]
[BlackElo "1030"]
[WhiteClock "00:05:09"]
[BlackClock "00:33:10"]
[PlyCount "127"]
[WhiteFideId "16259300"]
[BlackFideId "16277422"]
[EventCountry "GER"]
[EventRounds "9"]
[EventType "swiss"]
[EventDate "2021.08.22"]

1. e4 {[%clk 1:30:55]} e5 {[%clk 1:30:57]} 2. Nf3 {[%clk 1:31:05]} Nc6 {[%clk
1:31:15]} 3. Bc4 {[%clk 1:31:26]} Bc5 {[%clk 1:31:37]} 4. d3 {[%clk 1:31:07]}
Nf6 {[%clk 1:27:26]} 5. Nc3 {[%clk 1:30:24]} d6 {[%clk 1:22:13]} 6. Bg5 {[%clk
1:27:33]} Be6 {[%clk 1:19:27]} 7. Bb3 {[%clk 1:21:48]} Qe7 {[%clk 1:19:46]} 8.
Qd2 {[%clk 1:17:12]} O-O-O {[%clk 1:19:54]} 9. Nd5 {[%clk 1:15:26]} Bxd5 {[%clk
1:19:24]} 10. Bxd5 {[%clk 1:14:39]} h6 {[%clk 1:14:12]} 11. Bxf6 {[%clk
1:11:38]} Qxf6 {[%clk 1:13:46]} 12. c3 {[%clk 1:06:44]} Ne7 {[%clk 1:12:58]}
13. b4 {[%clk 1:03:37]} Bb6 {[%clk 1:10:26]} 14. a4 {[%clk 1:01:49]} a6 {[%clk
1:10:36]} 15. a5 {[%clk 0:59:35]} Ba7 {[%clk 1:10:18]} 16. b5 {[%clk 0:51:04]}
Nxd5 {[%clk 1:07:17]} 17. exd5 {[%clk 0:51:14]} Bc5 {[%clk 1:05:53]} 18. b6
{[%clk 0:48:48]} cxb6 {[%clk 1:03:09]} 19. d4 {[%clk 0:47:24]} exd4 {[%clk
1:02:47]} 20. cxd4 {[%clk 0:47:40]} Rhe8+ {[%clk 1:02:42]} 21. Kf1 {[%clk
0:45:41]} bxa5 {[%clk 0:59:57]} 22. Rc1 {[%clk 0:44:37]} b6 {[%clk 0:55:07]}
23. dxc5 {[%clk 0:40:31]} dxc5 {[%clk 0:55:05]} 24. Qd3 {[%clk 0:39:26]} Kb7
{[%clk 0:51:44]} 25. g3 {[%clk 0:36:08]} g5 {[%clk 0:49:32]} 26. h3 {[%clk
0:32:55]} Qb2 {[%clk 0:46:44]} 27. Rb1 Qa2 {[%clk 0:41:46]} 28. Rd1 {[%clk
0:28:09]} Rd6 {[%clk 0:39:17]} 29. Rd2 {[%clk 0:25:15]} c4 {[%clk 0:32:17]} 30.
Qf5 {[%clk 0:22:30]} Qa1+ {[%clk 0:32:05]} 31. Kg2 {[%clk 0:22:23]} Qa4 {[%clk
0:30:40]} 32. Qxf7+ {[%clk 0:21:46]} Qd7 {[%clk 0:30:34]} 33. Qxd7+ {[%clk
0:20:29]} Rxd7 {[%clk 0:30:50]} 34. Rc1 {[%clk 0:19:55]} b5 {[%clk 0:30:51]}
35. Ra1 {[%clk 0:16:52]} Kb6 {[%clk 0:30:52]} 36. Kf1 {[%clk 0:14:25]} c3
{[%clk 0:29:54]} 37. Rc2 {[%clk 0:14:02]} b4 {[%clk 0:28:48]} 38. Nd4 {[%clk
0:12:56]} Rxd5 {[%clk 0:28:27]} 39. Nb3 {[%clk 0:13:07]} Red8 {[%clk 0:26:49]}
40. Ke2 {[%clk 0:11:28]} Re8+ {[%clk 0:25:55]} 41. Kf1 Re4 {[%clk 0:24:14]} 42.
Rca2 {[%clk 0:09:04]} Ree5 {[%clk 0:22:19]} 43. Re1 {[%clk 0:29:01]} Rxe1+
{[%clk 0:50:21]} 44. Kxe1 {[%clk 0:29:24]} Rd3 {[%clk 0:45:29]} 45. Ke2 {[%clk
0:28:44]} Rd5 {[%clk 0:45:16]} 46. g4 {[%clk 0:27:13]} Rd7 {[%clk 0:42:41]} 47.
Nxa5 {[%clk 0:23:09]} Rc7 {[%clk 0:42:21]} 48. Nb3 {[%clk 0:22:46]} c2 {[%clk
0:41:59]} 49. Kd2 {[%clk 0:20:10]} Rc3 {[%clk 0:41:46]} 50. Nc1 {[%clk
0:18:04]} Rxh3 {[%clk 0:40:38]} 51. Rxc2 {[%clk 0:13:48]} Rh2 {[%clk 0:40:51]}
52. Ke3 {[%clk 0:13:20]} Rh3+ {[%clk 0:40:54]} 53. f3 {[%clk 0:12:48]} Kb5 54.
Ra2 {[%clk 0:11:56]} a5 {[%clk 0:40:34]} 55. Nb3 {[%clk 0:11:48]} a4 {[%clk
0:39:52]} 56. Nd4+ {[%clk 0:11:28]} Kc4 {[%clk 0:38:12]} 57. Rxa4 {[%clk
0:11:04]} Kc3 {[%clk 0:38:29]} 58. Ra7 {[%clk 0:05:08]} b3 {[%clk 0:35:53]} 59.
Rc7+ {[%clk 0:05:15]} Kb2 {[%clk 0:35:49]} 60. Rb7 {[%clk 0:05:34]} Kc1 {[%clk
0:34:34]} 61. Nxb3+ {[%clk 0:04:58]} Kd1 {[%clk 0:34:40]} 62. Rc7 {[%clk
0:04:50]} Rxf3+ {[%clk 0:32:57]} 63. Kxf3 {[%clk 0:05:09]} Ke1 {[%clk 0:33:10]}
64. Rc1# 1-0

[Event "DEM U12w 2021"]
[Site "Willingen GER"]
[Date "2021.08.23"]
[Round "1"]
[White "Richter, Johanna"]
[Black "Neininger, Sarah"]
[Result "0-1"]
[Termination "normal"]
[Board "10"]
[WhiteElo "1155"]
[BlackElo "1434"]
[WhiteClock "00:11:23"]
[BlackClock "00:44:09"]
[PlyCount "70"]
[WhiteFideId "16278925"]
[BlackFideId "16287410"]
[EventCountry "GER"]
[EventRounds "9"]
[EventType "swiss"]
[EventDate "2021.08.22"]

1. d4 {[%clk 1:30:58]} d5 {[%clk 1:30:52]} 2. c4 {[%clk 1:31:23]} e6 {[%clk
1:31:15]} 3. Nc3 {[%clk 1:31:42]} c5 {[%clk 1:31:37]} 4. cxd5 {[%clk 1:32:02]}
exd5 {[%clk 1:31:56]} 5. Nf3 {[%clk 1:30:06]} Nc6 {[%clk 1:31:55]} 6. e3 {[%clk
1:28:02]} Nf6 {[%clk 1:31:22]} 7. Be2 {[%clk 1:27:22]} Be7 {[%clk 1:31:03]} 8.
O-O {[%clk 1:26:20]} O-O {[%clk 1:30:52]} 9. b3 {[%clk 1:25:13]} Ne4 {[%clk
1:25:26]} 10. Bb2 {[%clk 1:21:01]} Bf6 {[%clk 1:21:13]} 11. Rc1 {[%clk
1:00:49]} cxd4 {[%clk 1:16:44]} 12. exd4 {[%clk 0:59:11]} Bf5 {[%clk 1:09:33]}
13. h3 {[%clk 0:43:29]} Re8 {[%clk 1:04:57]} 14. Re1 {[%clk 0:43:22]} Rc8
{[%clk 1:02:22]} 15. Bf1 {[%clk 0:40:32]} Nb4 {[%clk 0:53:26]} 16. a3 {[%clk
0:36:36]} Nxc3 {[%clk 0:51:16]} 17. Rxe8+ {[%clk 0:36:07]} Qxe8 {[%clk
0:51:33]} 18. Rxc3 {[%clk 0:34:58]} Rxc3 {[%clk 0:49:26]} 19. Bxc3 {[%clk
0:32:25]} Nc6 {[%clk 0:49:25]} 20. Bd3 {[%clk 0:31:56]} Bxd3 {[%clk 0:48:12]}
21. Qxd3 {[%clk 0:32:15]} Qe7 {[%clk 0:48:14]} 22. b4 {[%clk 0:29:00]} h6
{[%clk 0:47:10]} 23. Qe3 {[%clk 0:27:24]} Qe4 {[%clk 0:46:24]} 24. Qd2 {[%clk
0:22:29]} Qb1+ {[%clk 0:45:14]} 25. Kh2 {[%clk 0:21:07]} Qb3 {[%clk 0:44:47]}
26. Qb2 {[%clk 0:18:25]} Qxb2 {[%clk 0:44:11]} 27. Bxb2 {[%clk 0:18:40]} a5
{[%clk 0:44:30]} 28. b5 {[%clk 0:16:40]} Na7 {[%clk 0:44:46]} 29. a4 {[%clk
0:16:43]} Nc8 {[%clk 0:44:57]} 30. Kg3 {[%clk 0:15:22]} Nb6 {[%clk 0:45:08]}
31. Bc3 {[%clk 0:15:18]} Nxa4 {[%clk 0:44:39]} 32. Bxa5 {[%clk 0:15:39]} b6
{[%clk 0:44:54]} 33. Bb4 {[%clk 0:14:59]} Nb2 {[%clk 0:44:18]} 34. Bd6 {[%clk
0:13:28]} Nc4 {[%clk 0:44:05]} 35. Ne5 {[%clk 0:11:23]} Nxd6 {[%clk 0:44:09]}
0-1

[Event "DEM U12w 2021"]
[Site "Willingen GER"]
[Date "2021.08.23"]
[Round "1"]
[White "Bauer, Laura Sophie"]
[Black "Chandrasekher, Ritu"]
[Result "1-0"]
[Termination "normal"]
[Board "11"]
[WhiteElo "1309"]
[BlackElo "1197"]
[WhiteClock "01:18:27"]
[BlackClock "01:04:59"]
[PlyCount "61"]
[WhiteFideId "16253647"]
[BlackFideId "34609024"]
[EventCountry "GER"]
[EventRounds "9"]
[EventType "swiss"]
[EventDate "2021.08.22"]

1. e4 {[%clk 1:30:57]} e5 {[%clk 1:30:59]} 2. Nf3 {[%clk 1:31:19]} Nc6 {[%clk
1:31:23]} 3. Bb5 {[%clk 1:31:45]} a6 4. Ba4 Nf6 {[%clk 1:31:23]} 5. d4 {[%clk
1:32:04]} b5 {[%clk 1:30:25]} 6. Bb3 {[%clk 1:32:00]} Na5 {[%clk 1:29:38]} 7.
Nxe5 {[%clk 1:31:14]} Nxb3 {[%clk 1:29:44]} 8. axb3 {[%clk 1:31:37]} Nxe4
{[%clk 1:29:32]} 9. Qf3 {[%clk 1:28:48]} Nf6 {[%clk 1:28:59]} 10. Qxa8 {[%clk
1:28:05]} Be7 {[%clk 1:27:02]} 11. Qf3 {[%clk 1:27:11]} O-O 12. O-O d5 {[%clk
1:23:48]} 13. Nc6 {[%clk 1:26:30]} Qd6 14. Nxe7+ Qxe7 {[%clk 1:21:22]} 15. Bg5
{[%clk 1:26:10]} Bb7 {[%clk 1:20:19]} 16. Nc3 {[%clk 1:24:49]} c6 {[%clk
1:18:12]} 17. Rfe1 {[%clk 1:24:33]} Qd6 {[%clk 1:17:46]} 18. Bf4 {[%clk
1:22:44]} Qd7 {[%clk 1:16:12]} 19. Be5 {[%clk 1:20:27]} Qd8 {[%clk 1:16:02]}
20. Qg3 {[%clk 1:19:01]} Qe7 {[%clk 1:13:46]} 21. Bd6 {[%clk 1:18:34]} Qd8
{[%clk 1:11:44]} 22. Bxf8 {[%clk 1:17:09]} Qxf8 {[%clk 1:11:44]} 23. Qc7 {[%clk
1:16:33]} Qa8 {[%clk 1:09:58]} 24. Re7 {[%clk 1:16:40]} Qc8 {[%clk 1:09:37]}
25. Qxb7 {[%clk 1:16:50]} h6 {[%clk 1:07:36]} 26. Qxc8+ {[%clk 1:17:12]} Kh7
{[%clk 1:07:57]} 27. Rxf7 {[%clk 1:17:17]} b4 {[%clk 1:06:59]} 28. Qf5+ {[%clk
1:17:39]} Kg8 {[%clk 1:06:17]} 29. Qg6 {[%clk 1:17:59]} Ne8 {[%clk 1:05:23]}
30. Re1 {[%clk 1:18:04]} bxc3 {[%clk 1:04:59]} 31. Rxe8# {[%clk 1:18:27]} 1-0